000 00385nam a2200157Ia 4500
008 230917s9999||||xx |||||||||||||| ||und||
020 _cRS58
040 _e7843
_aMAIN
041 _aEnglish
082 _a547.139 M896P
100 _aMukherji, S M
245 0 _aPericyclic reactions: A mechanistic study
260 _aDelhi
_bMacmillan
_c1979
300 _axv, 171 p.
942 _cBK
999 _c210681
_d210681